Statistiques concernant 10 Capitales les plus septentrionales d'Europe

Cliquez ici pour prendre le quiz!

Statistiques générales

  • Ce quiz a été pris 6 720 fois
  • Le résultat moyen est 9 sur 10

Statistiques - réponses

LatitudeCapitale% Correct
59°95'NOslo
97%
60°17'NHelsinki
93%
55°75'NMoscou
93%
59.32'NStockholm
92%
55°67'NCopenhague
89%
63°14'NReykjavík
88%
56°93'NRiga
85%
59°43'NTallinn
81%
54°68'NVilnius
80%
53°54'NMinsk
72%

Distribution des résultats

Percentile par nombre de réponses

% des personnes avec chaque résultat

Votre développement - résultats

Vous n’avez pas pris ce quiz